| Tag |
First Indicator |
Second Indicator |
Subfields |
| LEADER |
00000cam a22000004a 4500 |
| 001 |
in00001663159 |
| 005 |
20151023125501.0 |
| 008 |
011031s2002 gw a b 000 0 eng |
| 010 |
|
|
|a 2001055020
|
| 016 |
7 |
|
|a 962816108
|2 GyFmDB
|
| 020 |
|
|
|a 3540425993 (alk. paper)
|
| 035 |
|
|
|a (OCoLC)ocm48375919
|
| 040 |
|
|
|a DLC
|c DLC
|d OHX
|d C#P
|d TXA
|d UtOrBLW
|
| 041 |
1 |
|
|a eng
|h ger
|h jpn
|
| 042 |
|
|
|a pcc
|
| 043 |
|
|
|a ae-----
|a e------
|
| 049 |
|
|
|a TXAM
|
| 050 |
0 |
0 |
|a HF1600.5
|b .G56 2002
|
| 072 |
|
7 |
|a HF
|2 lcco
|
| 082 |
0 |
0 |
|a 337.405
|2 21
|
| 245 |
0 |
0 |
|a Globalization and regional dynamics :
|b East Asia and the European Union from the Japanese and the German perspective /
|c Wolfgang Klenner, Hisashi Watanabe, editors.
|
| 264 |
|
1 |
|a Berlin ;
|a New York :
|b Springer,
|c [2002]
|
| 264 |
|
4 |
|c ©2002
|
| 300 |
|
|
|a x, 253 pages :
|b illustrations ;
|c 25 cm.
|
| 336 |
|
|
|a text
|b txt
|2 rdacontent
|
| 337 |
|
|
|a unmediated
|b n
|2 rdamedia
|
| 338 |
|
|
|a volume
|b nc
|2 rdacarrier
|
| 500 |
|
|
|a Papers translated from Japanese and German.
|
| 504 |
|
|
|a Includes bibliographical references.
|
| 651 |
|
0 |
|a East Asia
|x Foreign economic relations.
|
| 651 |
|
0 |
|a European Union countries
|x Foreign economic relations.
|
| 650 |
|
0 |
|a Globalization
|x Economic aspects
|z East Asia.
|
| 650 |
|
0 |
|a Globalization
|x Economic aspects
|z European Union countries.
|
| 651 |
|
0 |
|a East Asia
|x Economic conditions
|y 20th century.
|
| 651 |
|
0 |
|a European Union countries
|x Economic conditions
|y 20th century.
|
| 650 |
|
0 |
|a Competition, International.
|
| 700 |
1 |
|
|a Klenner, Wolfgang.
|
| 700 |
1 |
|
|a Watanabe, Hisashi,
|d 1937-
|
| 938 |
|
|
|a Otto Harrassowitz
|b HARR
|n har010084888
|c 149.69 DEM
|
| 994 |
|
|
|a E0
|b TXA
|
| 948 |
|
|
|a cataloged
|b h
|c 2002/2/20
|d c
|e bwalker
|f 2:02:20 pm
|
| 999 |
|
|
|a MARS
|
| 999 |
f |
f |
|s d37a159e-2631-3e87-8e35-c024e4016238
|i c788c2ec-ee53-375e-9392-6e953e8abcf3
|t 0
|
| 952 |
f |
f |
|p ric
|a Texas A&M University
|b Rellis Campus
|c Joint Library Facility
|d Remote Storage
|t 0
|e HF1600.5 .G56 2002
|h Library of Congress classification
|i unmediated -- volume
|m A14828468481
|
| 998 |
f |
f |
|a HF1600.5 .G56 2002
|t 0
|l Remote Storage
|